| 000 | 00518cam a2200193 4500 | ||
|---|---|---|---|
| 001 | D7285 | ||
| 008 | 090401t1985 xxu||||| |||| 00| 0 eng d | ||
| 035 | _a(Sirsi) u6475 | ||
| 041 | _aeng | ||
| 050 | _a658.404 | ||
| 100 | _aNahapiet, Herb | ||
| 245 | 4 | _aThe management of construction projects: case studies from the USA and UK | |
| 260 |
_aAscot, Berks _bChartered Institute of Building _c1985 |
||
| 300 | _avii. 56p. 25cm | ||
| 350 | _a6.5 | ||
| 700 | _aNahapiet, Janine | ||
| 942 | _n0 | ||
| 948 | _c04/03/1997 | ||
| 999 |
_c86314 _d86314 |
||